| 000 | 00780nam a2200193 a 4500 | ||
|---|---|---|---|
| 005 | 20260322212035.0 | ||
| 008 | data | ||
| 099 | _aDVD WM 600 A544 | ||
| 100 | 1 | _aMillman, Robert B. | |
| 245 | 1 | 0 |
_aAnger : _bmyths and truths about the emotion. _cRobert B. Millman & Brad Bushman. |
| 260 |
_aNew York, NY ; _bFilms Media Group, _c2008. |
||
| 300 |
_aDVD video 1 videodisc (30 min.) : _b4 3/4 in. |
||
| 500 | _aParticipants: Lewis Black. | ||
| 520 | _aDr. Robert Millman and Dr. Brad Bushman discuss the connections between volatile tempers and towering egos, and narcissism and aggression. Angry comedian Lewis Black points out the seeds of fury in everyday realities, like waiting in line. | ||
| 650 | 0 | _aAnger | |
| 650 | 0 | _aanger management | |
| 700 | 1 | _aBushman, Brad | |
| 001 | data | ||
| 999 |
_c826 _d826 |
||